Statistics for Top 5 largest cities in European Country Subdivisions #1

Click here to take the quiz!

General Stats

  • This quiz has been taken 95 times
  • The average score is 142 of 334

Answer Stats

Subdivision#1% Correct
EnglandLondon
99%
EnglandBirmingham
97%
EnglandManchester
96%
Northern IrelandBelfast
95%
ScotlandEdinburgh
94%
ScotlandGlasgow
94%
EnglandLiverpool
94%
WalesCardiff
91%
Île-de-FranceParis
91%
LazioRome
91%
ScotlandAberdeen
90%
LombardyMilan
90%
BavariaMunich
90%
HesseFrankfurt am Main
89%
BrandenburgFrankfurt an der Oder
89%
CataloniaBarcelona
87%
LiguriaGenoa
87%
Auvergne-Rhône-AlpesLyon
87%
Provence-Alpes-Côte d'AzurMarseille
87%
WalesSwansea
87%
PiedmontTurin
87%
ApuliaBari
86%
BerlinBerlin
86%
CampaniaNaples
86%
Provence-Alpes-Côte d'AzurNice
86%
SicilyPalermo
86%
Nouvelle-AquitaineBordeaux
85%
North Rhine-WestphaliaDüsseldorf
85%
HamburgHamburg
85%
OccitanieToulouse
85%
VenetoVenice
85%
Northern IrelandDerry / Londonderry
84%
TuscanyFlorence
84%
Lower SaxonyHanover
84%
Hauts-de-FranceLille
84%
BavariaNuremberg
84%
AndalusiaSeville
84%
Basque CountryBilbao
81%
SaxonyDresden
81%
MadridMadrid
81%
VenetoVerona
81%
BremenBremen
80%
EnglandBristol
80%
North Rhine-WestphaliaKöln
80%
AndalusiaMálaga
80%
Grand-EstStrasbourg
80%
ValenciaValència
80%
BretagneBrest
78%
SardiniaCagliari
78%
Baden-WürttembergStuttgart
78%
Emilia-RomagnaBologna
77%
ScotlandDundee
77%
SaxonyLeipzig
77%
Schleswig-HolsteinKiel
76%
Baden-WürttembergMannheim
76%
Pays de la LoireNantes
76%
Balearic IslandsPalma de Mallorca
75%
AragónZaragoza
75%
North Rhine-WestphaliaDortmund
73%
North Rhine-WestphaliaEssen
73%
BretagneRennes
73%
CorseAjaccio
72%
Friuli-Venezia GiuliaTrieste
72%
BavariaAugsburg
71%
Auvergne-Rhône-AlpesGrenoble
71%
SicilyCatania
70%
SaarlandSaarbrücken
70%
Bourgogne-Franche-ComtéDijon
68%
OccitanieMontpellier
68%
Mecklenburg-Western PomeraniaRostock
68%
GaliciaA Coruña
67%
NormandieLe Havre
67%
Emilia-RomagnaParma
67%
SicilyMessina
66%
MurciaMurcia
66%
Castile-La ManchaToledo
66%
ValenciaAlicante
65%
AndalusiaCórdoba
65%
AndalusiaGranada
65%
Schleswig-HolsteinLübeck
65%
Rhineland-PalatinateMainz
65%
NormandieRouen
65%
Auvergne-Rhône-AlpesSaint-Étienne
65%
North Rhine-WestphaliaDuisburg
63%
Centre-Val de LoireOrléans
63%
BrandenburgPotsdam
63%
Provence-Alpes-Côte d'AzurToulon
63%
GaliciaVigo
63%
Grand-EstNancy
61%
VenetoPadua
61%
NavarrePamplona
61%
Grand-EstReims
61%
Castile and LeónValladolid
61%
Baden-WürttembergKarlsruhe
59%
Castile and LeónLeón
59%
Grand-EstMetz
59%
SicilySyracuse
59%
Centre-Val de LoireTours
59%
Trentino-South TyrolTrent
59%
Aosta ValleyAosta
58%
Baden-WürttembergFreiburg
58%
AsturiasGijón
58%
Emilia-RomagnaModena
58%
Provence-Alpes-Côte d'AzurAvignon
57%
Basque CountryDonostia
57%
ThuringiaErfurt
57%
Saxony-AnhaltMagdeburg
57%
CantabriaSantander
57%
BrandenburgBrandenburg an der Havel
56%
NormandieCaen
56%
Balearic IslandsEivissa
56%
Baden-WürttembergHeidelberg
56%
CalabriaReggio di Calabria
56%
GaliciaSantiago de Compostela
56%
Provence-Alpes-Côte d'AzurAix-en-Provence
54%
SaxonyChemnitz
54%
Hauts-de-FranceAmiens
53%
Trentino-South TyrolBolzano
53%
Pays de la LoireLe Mans
53%
Grand-EstMulhouse
53%
ApuliaTaranto
53%
HesseWiesbaden
52%
Pays de la LoireAngers
51%
LombardyBergamo
51%
Lower SaxonyBraunschweig
51%
LombardyBrescia
51%
Auvergne-Rhône-AlpesClermont-Ferrand
51%
Hauts-de-FranceDunkerque
51%
Saxony-AnhaltHalle
51%
OccitanieNîmes
51%
OccitaniePerpignan
51%
Rhineland-PalatinateTrier
51%
Lower SaxonyWolfsburg
51%
MarcheAncona
49%
HesseDarmstadt
49%
ThuringiaJena
49%
BremenBremerhaven
48%
WalesNewport
48%
Lower SaxonyOldenburg
48%
Emilia-RomagnaRavenna
48%
Friuli-Venezia GiuliaUdine
48%
Bourgogne-Franche-ComtéBesançon
47%
HesseKassel
47%
Nouvelle-AquitaineLimoges
47%
Île-de-FranceSaint-Denis
47%
CampaniaSalerno
47%
UmbriaPerugia
46%
BavariaRegensburg
46%
SardiniaSassari
46%
Mecklenburg-Western PomeraniaSchwerin
46%
Rhineland-PalatinateKoblenz
44%
Lower SaxonyOsnabrück
44%
AsturiasOviedo
44%
Basque CountryVitoria-Gasteiz
44%
CorseBastia
43%
BavariaIngolstadt
43%
TuscanyLivorno
43%
Emilia-RomagnaReggio nell'Emilia
43%
Castile and LeónSalamanca
43%
Pays de la LoireLa Roche-sur-Yon
42%
LiguriaLa Spezia
42%
ApuliaLecce
42%
CataloniaL'Hospitalet de Llobregat
42%
Nouvelle-AquitainePau
42%
ExtremaduraBadajoz
41%
BrandenburgCottbus
41%
Rhineland-PalatinateKaiserslautern
41%
AbruzzoPescara
41%
BretagneQuimper
41%
MurciaCartagena
39%
LombardyComo
39%
AbruzzoL'Aquila
39%
HesseOffenbach am Main
39%
SaxonyZwickau
39%
ValenciaElche
38%
AndalusiaJerez de la Frontera
38%
LombardyMonza
38%
Schleswig-HolsteinFlensburg
37%
ApuliaFoggia
37%
Nouvelle-AquitaineLa Rochelle
37%
Castile and LeónBurgos
35%
Nouvelle-AquitainePoitiers
35%
ThuringiaGera
34%
Rhineland-PalatinateLudwigshafen am Rhein
34%
NormandieCherbourg-en-Cotentin
33%
LiguriaSanremo
33%
VenetoVicenza
33%
Auvergne-Rhône-AlpesVilleurbanne
33%
ThuringiaWeimar
33%
CalabriaCatanzaro
32%
AragónHuesca
32%
LazioLatina
32%
PiedmontAlessandria
30%
Île-de-FranceBoulogne-Billancourt
30%
ValenciaCastelló de la Plana
30%
La RiojaLogroño
30%
BretagneLorient
30%
TuscanyPrato
30%
Mecklenburg-Western PomeraniaStralsund
30%
TuscanyArezzo
29%
CataloniaBadalona
29%
MoliseCampobasso
29%
Castile-La ManchaCiudad Real
29%
Mecklenburg-Western PomeraniaGreifswald
29%
PiedmontNovara
29%
SardiniaOlbia
29%
BasilicataPotenza
29%
Castile-La ManchaAlbacete
28%
PiedmontAsti
28%
Castile-La ManchaGuadalajara
28%
GaliciaOurense
28%
UmbriaTerni
28%
WalesWrexham
28%
Hauts-de-FranceRoubaix
27%
Bourgogne-Franche-ComtéAuxerre
25%
Centre-Val de LoireBourges
25%
ExtremaduraCáceres
25%
Saxony-AnhaltDessau-Roßlau
25%
ExtremaduraMérida
25%
Île-de-FranceMontreuil
25%
Mecklenburg-Western PomeraniaNeubrandenburg
25%
Pays de la LoireSaint-Nazaire
25%
VenetoTreviso
25%
BretagneVannes
25%
Île-de-FranceArgenteuil
24%
CataloniaTerrassa
24%
Saxony-AnhaltWittenberg
24%
Northern IrelandBangor
23%
OccitanieBéziers
23%
LiguriaImperia
23%
GaliciaLugo
23%
BasilicataMatera
23%
Schleswig-HolsteinNeumünster
23%
CataloniaSabadell
23%
Hauts-de-FranceTourcoing
23%
LazioFiumicino
22%
MadridFuenlabrada
22%
CampaniaGiugliano in Campania
22%
MarchePesaro
22%
SaxonyPlauen
22%
AragónTeruel
22%
MadridAlcalá de Henares
20%
CalabriaCosenza
20%
Friuli-Venezia GiuliaGorizia
20%
ThuringiaGotha
20%
SaarlandHomburg
20%
Trentino-South TyrolMerano
20%
TuscanyPistoia
20%
LiguriaSavona
20%
ApuliaAndria
19%
Centre-Val de LoireBlois
19%
MadridLeganés
19%
Friuli-Venezia GiuliaPordenone
19%
ScotlandPaisley
18%
Castile and LeónPalencia
18%
Basque CountryBarakaldo
16%
MadridMóstoles
16%
SaarlandNeunkirchen
16%
SaarlandVölklingen
16%
SardiniaAlghero
15%
Bourgogne-Franche-ComtéBelfort
15%
Centre-Val de LoireChâteauroux
15%
Basque CountryGetxo
15%
Saxony-AnhaltHalberstadt
15%
MoliseIsernia
15%
SicilyMarsala
15%
BrandenburgOranienburg
15%
CampaniaPozzuoli
15%
CantabriaTorrelavega
15%
AsturiasAvillés
14%
WalesBarry
14%
AbruzzoChieti
14%
UmbriaFoligno
14%
CorsePorto-Vecchio
14%
Aosta ValleyQuart
14%
SardiniaQuartu Sant'Elena
14%
CampaniaTorre del Greco
14%
CalabriaLamezia Terme
13%
MurciaLorca
13%
Schleswig-HolsteinNorderstedt
13%
UmbriaSpoleto
13%
MoliseTermoli
13%
NavarreTudela
13%
NormandieÉvreux
11%
MarcheFano
11%
AbruzzoTeramo
11%
La RiojaCalahorra
10%
Northern IrelandCraigavon
10%
Friuli-Venezia GiuliaMonfalcone
10%
Northern IrelandNewtownabbey
10%
SaarlandSt. Ingbert
10%
Castile-La ManchaTalavera de la Reina
10%
ValenciaTorrevieja
10%
LazioAprilia
9%
Balearic IslandsCalviá
9%
ExtremaduraDon Benito
9%
Balearic IslandsManacor
9%
MarcheAscoli Piceno
8%
CorseBorgo
8%
Trentino-South TyrolBressanone
8%
AragónCalatayud
8%
La RiojaHaro
8%
AsturiasLangreo
8%
Trentino-South TyrolRovereto
8%
AsturiasSiero
8%
NavarreBarañáin
6%
CantabriaCastro-Urdiales
6%
Bourgogne-Franche-ComtéChalon-sur-Saône
6%
BasilicataMelfi
6%
AbruzzoMontesilvano
6%
BasilicataPolicoro
6%
Aosta ValleySarre
6%
La RiojaArnedo
5%
NavarreBurlada
5%
CantabriaCamargo
5%
Aosta ValleyChâtillon
5%
UmbriaCittà di Castello
5%
La RiojaLardero
5%
MurciaMolina de Segura
5%
PiedmontMoncalieri
5%
Aosta ValleySaint-Vincent
5%
MarcheSan Benedetto del Tronto
5%
Balearic IslandsSanta Eulària des Riu
5%
AragónUtebo
5%
NavarreValle de Egües
5%
MoliseVenafro
5%
MurciaAlcantarilla
4%
CorseBiguglia
4%
MoliseCampomarino
4%
LazioGuidonia Montecelio
4%
BasilicataPisticci
4%
CalabriaCorigliano-Rossano
3%
ExtremaduraPiasencia
3%
CantabriaPiélagos
3%

Score Distribution

Percentile by Number Answered

Percent of People with Each Score

Your Score History

You have not taken this quiz